Centre per a la Innovació Local [Recurs electrònic]
Publicado:
Barcelona :
Diputació de Barcelona : Flor de Maig : Cente per a la Innovació Local ,
2003
Descripción Física:
1 disc òptic ( CD-ROM) ; 8 cm
MARC
| LEADER | 00000nam a2200000Ia 4500 | ||
|---|---|---|---|
| 001 | 19798 | ||
| 008 | 160829s2003 xx 000 0 cat d | ||
| 080 | |a CD-1-87 | ||
| 245 | |a Centre per a la Innovació Local [Recurs electrònic] | ||
| 260 | |a Barcelona: |b Diputació de Barcelona : |b Flor de Maig : |b Cente per a la Innovació Local, |c 2003 | ||
| 300 | |a 1 disc òptic ( CD-ROM) ; |c 8 cm | ||
| 610 | 2 | 0 | |a Centre per a la Innovació Local |9 54171 |
| 650 | |a Centre per a la Innovació Local | ||
| 710 | 1 | |a Barcelona (Catalunya : Província). |b Diputació |9 52408 | |
| 710 | 2 | |a Centre per a la Innovació Local |9 54171 | |
| 901 | |a Arxiu | ||
| 942 | |n 1 |2 udc | ||
| 952 | |0 0 |1 0 |4 0 |6 CD187 |7 1 |9 51711 |a Arxiu |b Arxiu |d 2016-12-01 |l 0 |o CD-1-87 |p 19798 |r 2016-12-01 00:00:00 |w 2016-12-01 |y ARXIU | ||
| 999 | |c 55557 |d 55557 | ||